| 000 | 00983cab a2200301 4500 | ||
|---|---|---|---|
| 001 | WB3028-32 | ||
| 008 | 090401t1994 xxu||||| |||| 00| 0 eng d | ||
| 035 | _a(Sirsi) u10537 | ||
| 041 | _aeng | ||
| 245 | _aHouse of horrors | ||
| 260 | _c1994 | ||
| 350 | _a0 | ||
| 490 |
_aIndependent _v16 July 1994, 41 (2) |
||
| 520 | _aTwo instances of disagreement between landlord and lessees of flats over the cost of repairs. The tenants suffered the disadvantage of legal action costing more than repair bills forced on them. | ||
| 650 | _aESTIMATES | ||
| 650 | _aFLATS | ||
| 650 | _aLEASEHOLDERS | ||
| 650 | _aLEGAL COSTS | ||
| 650 | _aMANAGING AGENTS | ||
| 650 | _aQUOTATIONS | ||
| 650 | _aREPAIRS | ||
| 650 | _aSERVICE CHARGES | ||
| 650 | _aSINCLAIR GARDENS INVESTMENT (KENSINGTON) LTD | ||
| 650 | _aSINCLAIR GARDENS INVESTMENTS | ||
| 690 | _aPROPERTY-RESIDENTIAL PROPERTY-RESIDENTIAL LANDLORD AND TENANT-RESIDENTIAL TENANCIES | ||
| 942 | _n0 | ||
| 948 | _c04/03/1997 | ||
| 999 |
_c6661 _d6661 |
||